Síntesis de la recomendación no. 10/2017 de la Comisión Nacional de Derechos Humanos (CNDH), emitida el 21 de marzo de 2017. / (Record no. 111323)
[ view plain ]
| 000 -CABECERA | |
|---|---|
| campo de control de longitud fija | 01554nam a2200373 a 4500 |
| 001 - NÚMERO DE CONTROL | |
| campo de control | 000114862 |
| 003 - IDENTIFICADOR DEL NÚMERO DE CONTROL | |
| campo de control | CHAP |
| 005 - FECHA Y HORA DE LA ÚLTIMA TRANSACCIÓN | |
| campo de control | 20240503114357.0 |
| 008 - DATOS DE LONGITUD FIJA--INFORMACIÓN GENERAL | |
| campo de control de longitud fija | 180628s2017 mx a |r| |||0|||spa d |
| 010 ## - NÚMERO DE CONTROL DE LA BIBLIOTECA DEL CONGRESO | |
| Número de control de LC | 111323 |
| 011 ## - ENLACE DEL NUMERO DE CONTROL DE LA BIBLIOTECA DEL CONGRESO [OBSOLETO] | |
| Número de control de LC | 112295 |
| 040 ## - FUENTE DE LA CATALOGACIÓN | |
| Centro/agencia transcriptor | CHAP |
| 082 04 - NÚMERO DE LA CLASIFICACIÓN DECIMAL DEWEY | |
| Número de clasificación | 346.04691 |
| Número de documento/Ítem | S61 |
| 245 00 - MENCIÓN DE TÍTULO | |
| Título | Síntesis de la recomendación no. 10/2017 de la Comisión Nacional de Derechos Humanos (CNDH), emitida el 21 de marzo de 2017. / |
| Mención de responsabilidad, etc. | coordinacion Alicia Lara Vázquez. |
| 246 0# - FORMA VARIANTE DE TÍTULO | |
| Título propio/Titulo breve | Síntesis de la recomendación 10/2017 de la comisión nacional de derechos humanos (CNDH), emitida el 21 de marzo de 2017 en relación con la contaminación de los ríos Atoyac, Xochiac y sus afluentes. por un Atoyac con vida no hay justicia social, sin justicia ambiental |
| 260 ## - PUBLICACIÓN, DISTRIBUCIÓN, ETC. | |
| Lugar de publicación, distribución, etc. | Tlaxcala,Tlax. : |
| Nombre del editor, distribuidor, etc. | Impretlax, |
| Fecha de publicación, distribución, etc. | 2017. |
| 300 ## - DESCRIPCIÓN FÍSICA | |
| Extensión | 115 p. : |
| Otras características físicas | il., mapas y cuadros; |
| Material acompañante/anejo | + 1 CD ROM. |
| 500 ## - NOTA GENERAL | |
| Nota general | ¡ Por un Atoyac con vida !, ¡No hay justicia social, sin justicia ambiental!. |
| 590 ## - NOTA LOCAL (RLIN) | |
| Nota local | BATCH-UPD |
| Procedencia (VM) [OBSOLETO] | 05 |
| Condición del los carretes individuales (VM) [OBSOLETO] | 20180723 |
| 590 ## - NOTA LOCAL (RLIN) | |
| Nota local | E11695DGD |
| Procedencia (VM) [OBSOLETO] | 10 |
| Condición del los carretes individuales (VM) [OBSOLETO] | 20180730 |
| 590 ## - NOTA LOCAL (RLIN) | |
| Nota local | E11695DGD |
| Procedencia (VM) [OBSOLETO] | 10 |
| Condición del los carretes individuales (VM) [OBSOLETO] | 20180730 |
| 590 ## - NOTA LOCAL (RLIN) | |
| Nota local | E11695DGD |
| Procedencia (VM) [OBSOLETO] | 10 |
| Condición del los carretes individuales (VM) [OBSOLETO] | 20180730 |
| 590 ## - NOTA LOCAL (RLIN) | |
| Nota local | E11695DGD |
| Procedencia (VM) [OBSOLETO] | 10 |
| Condición del los carretes individuales (VM) [OBSOLETO] | 20190430 |
| 590 ## - NOTA LOCAL (RLIN) | |
| Nota local | E6339RRR |
| Procedencia (VM) [OBSOLETO] | 05 |
| Condición del los carretes individuales (VM) [OBSOLETO] | 20180628 |
| 590 ## - NOTA LOCAL (RLIN) | |
| Nota local | E6339RRR |
| Procedencia (VM) [OBSOLETO] | 05 |
| Condición del los carretes individuales (VM) [OBSOLETO] | 20180723 |
| 650 14 - PUNTO DE ACCESO ADICIONAL DE MATERIA--TÉRMINO DE MATERIA | |
| Término de materia o nombre geográfico como elemento de entrada | Agua |
| Subdivisión general | Calidad. |
| 9 (RLIN) | 2316 |
| 650 14 - PUNTO DE ACCESO ADICIONAL DE MATERIA--TÉRMINO DE MATERIA | |
| Término de materia o nombre geográfico como elemento de entrada | Agua |
| Subdivisión general | Contaminación |
| -- | Leyes. |
| 9 (RLIN) | 2356 |
| 650 14 - PUNTO DE ACCESO ADICIONAL DE MATERIA--TÉRMINO DE MATERIA | |
| Término de materia o nombre geográfico como elemento de entrada | Cuencas |
| Subdivisión general | Estudios hidrológicos. |
| 9 (RLIN) | 130786 |
| 650 14 - PUNTO DE ACCESO ADICIONAL DE MATERIA--TÉRMINO DE MATERIA | |
| Término de materia o nombre geográfico como elemento de entrada | Derechos humanos |
| Subdivisión general | México. |
| 9 (RLIN) | 31923 |
| 700 1# - PUNTO DE ACCESO ADICIONAL--NOMBRE DE PERSONA | |
| Nombre de persona | Lara Vázquez, Alicia |
| Término indicativo de función/relación | coord. |
| 9 (RLIN) | 135253 |
| 901 ## - ELEMENTOS DE DATOS A LOCAL LDA (RLIN) | |
| a | BK |
| 942 ## - ELEMENTOS DE PUNTO DE ACCESO ADICIONAL (KOHA) | |
| Tipo de ítem Koha | Libro |
| Fuente del sistema de clasificación o colocación | Dewey Decimal Classification |
| 942 ## - ELEMENTOS DE PUNTO DE ACCESO ADICIONAL (KOHA) | |
| Suprimir en OPAC | 0 |
| Fuente del sistema de clasificación o colocación | Dewey Decimal Classification |
| Estado de retiro | Estado de pérdida | Fuente del sistema de clasificación o colocación | Estado dañado | Restricciones de uso | No para préstamo | Código de colección | Localización permanente | Ubicación/localización actual | Ubicación en estantería | Fecha de adquisición | Información codificada de la localización en otra ubicación | Total de préstamos | Signatura topográfica completa | Código de barras | Fecha visto por última vez | Precio válido a partir de | Tipo de ítem Koha | Nota pública |
|---|---|---|---|---|---|---|---|---|---|---|---|---|---|---|---|---|---|---|
| Dewey Decimal Classification | Préstamo 15 días | General | Biblioteca Central | Biblioteca Central | Planta alta - Colección General | 23/07/2018 | LIBRO | 346.04691 S61 | 33724002549842 | 31/12/2019 | 31/12/2019 | Libro | ||||||
| Dewey Decimal Classification | Préstamo interno | Material multimedia | Biblioteca Central | Biblioteca Central | Planta Principal - Área de préstamo - Mat. Multimedia | 03/05/2024 | 346.04691 S61 | 33724002588050 | 03/05/2024 | 03/05/2024 | CD | Material complementario |
